000
00284nam a22001097a 4500
008
230704b xxu||||| |||| 00| 0 eng d
082
_a
362.7
_b
UNI 2003
245
_a
The Millenium Development Goals
_b
They are About Children
260
_b
UNICEF
_c
2003
300
_a
25p
942
_2
ddc
_c
BK
999
_c
3849
_d
3849